<?xml version="1.0" encoding="UTF-8"?>
<marc:record xmlns:marc="http://www.loc.gov/MARC21/slim">
   <marc:leader>00000nam a2200000 a 4500</marc:leader>
   <marc:datafield ind1="1" ind2=" " tag="100">
      <marc:subfield code="a">Tranströmer, Tomas</marc:subfield>
      <marc:subfield code="4">aut</marc:subfield>
      <marc:subfield code="e">Verfasser/-in</marc:subfield>
   </marc:datafield>
   <marc:datafield ind1="1" ind2=" " tag="100">
      <marc:subfield code="a">Grössel, Hanns</marc:subfield>
      <marc:subfield code="4">trl</marc:subfield>
      <marc:subfield code="e">Übersetzer/-in</marc:subfield>
   </marc:datafield>
   <marc:datafield ind1=" " ind2=" " tag="653">
      <marc:subfield code="a">Lyrik</marc:subfield>
   </marc:datafield>
   <marc:datafield ind1="0" ind2="0" tag="245">
      <marc:subfield code="a">In meinem Schatten werde ich getragen</marc:subfield>
   </marc:datafield>
   <marc:datafield ind1="0" ind2="0" tag="245">
      <marc:subfield code="b">gesammelte Gedichte</marc:subfield>
   </marc:datafield>
   <marc:datafield ind1="0" ind2="0" tag="245">
      <marc:subfield code="c">Tomas Tranströmer. Aus dem Schwed. von Hanns Grössel. Mit einem Nachw. von Hans Jürgen Balmes</marc:subfield>
   </marc:datafield>
   <marc:datafield ind1=" " ind2="1" tag="264">
      <marc:subfield code="a">Frankfurt, M.</marc:subfield>
      <marc:subfield code="b">Fischer Taschenbuch</marc:subfield>
      <marc:subfield code="c">2013</marc:subfield>
   </marc:datafield>
   <marc:datafield ind1="1" ind2=" " tag="490">
      <marc:subfield code="a">Fischer</marc:subfield>
      <marc:subfield code="v">19675</marc:subfield>
   </marc:datafield>
   <marc:datafield ind1="1" ind2=" " tag="520">
      <marc:subfield code="a">Angaben aus der Verlagsmeldung

In meinem Schatten werde ich getragen : Gesammelte Gedichte Tief in Europa / von Tomas Tranströmer

Mit dem schwedischen Dichter Tomas Tranströmer wurde 2011 einem Leisen der Nobelpreis zuerkannt, dessen eindringliche Gedichte den Resonanzraum des letzten Jahrhunderts ausmessen. Seine aus lichter Melancholie und lakonischer Nüchternheit geformten Verse, in viele Sprachen übersetzt, waren bis dahin ein Geheimtipp. »Tief in Europa« enthält sämtliche, von Hanns Grössel meisterhaft übersetzten Bände, die späten Gedichte ›Das große Rätsel‹ sowie die biographische Kindheitsskizze ›Die Erinnerungen sehen mich‹.
</marc:subfield>
   </marc:datafield>
   <marc:datafield ind1=" " ind2=" " tag="020">
      <marc:subfield code="a">9783596196753</marc:subfield>
      <marc:subfield code="9">9783596196753</marc:subfield>
   </marc:datafield>
   <marc:datafield ind1=" " ind2=" " tag="020">
      <marc:subfield code="a">3596196752</marc:subfield>
      <marc:subfield code="9">3596196752</marc:subfield>
   </marc:datafield>
   <marc:datafield ind1=" " ind2=" " tag="041">
      <marc:subfield code="a">ger</marc:subfield>
   </marc:datafield>
   <marc:datafield ind1=" " ind2=" " tag="300">
      <marc:subfield code="a">350 S.</marc:subfield>
   </marc:datafield>
</marc:record>
